Batı Türklerine dair belgeler ve ek notlar (Record no. 1361)

MARC details
000 -BAŞLIK
Sabit Uzunlukta Kontrol Alanı 00897na a2200289 4500
001 - KONTROL NUMARASI
Denetim Alanı 14367
003 - KONTROL NUMARASI IDENTIFIER
Denetim Alanı MIRAKIL
005 - SON İŞLEM TARİHİ VE ZAMANI
Denetim Alanı 20181213154820.0
008 - SABİT-BOY VERİ ELEMANLARI - GENEL BİLGİLER
Sabit Uzunlukta Kontrol Alanı 161031b tu 000 0
020 ## - ULUSLARARASI STANDART KİTAP NUMARASI
Uluslararası Standart Kitap Numarası 9759856395
035 ## - SİSTEM KONTROL NUMARASI
Sistem Kontrol Numarası 14367
040 ## - KATALOGLAMA KAYNAK
Orijinal Kataloglama Ajansı Milas
Kataloglama Dili tur
Metne Dönüştürmek Ajansı TR-AnCHP
041 ## - DİL KODU
Metin / Ses Parça Veya Ayrı Başlığın Dil Kodu tur
082 ## - DEWEY ONLU SINIFLANDIRMA NUMARASI
Sınıflandırma Numarası 909.049435
Ürün Numarası C32b 2006
090 ## - SINIFLAMA NUMARASI
Sınıflama Numarası 909.049435 C32b 2006
100 ## - ANA GİRİŞ - KİŞİSEL İSİM
Kişisel Ad Chavannes, Edouard
245 ## - BAŞLIK TABLOSU
Başlık Batı Türklerine dair belgeler ve ek notlar
Sorumluluk Tablosu, Vb Edouard Chavannes ;fransızcadan çeviren: Metin Sirman,yayın yönetmeni/editör: S.Kemal Ermetin
260 ## - YAYIN, DAĞITIM, VB
Yayın, Dağıtım, Vb Yeri İstanbul
Yayıncı, Dağıtıcı, Vs Adı Töre Yayınevi
Yayın, Dağıtım, Vb Tarihi 2006
300 ## - FİZİKSEL TANIM
Kapsam 573 s.
Diğer Fiziksel Ayrıntıları hrt.
Boyutlar 24 sm.
500 ## - GENEL NOT
Genel Not Dış kapakta adı: Batı Türkleri tarihi
650 ## - KONU KATMA GİRİŞ - TOPİKAL DÖNEM
Topikal Süreli Veya Coğrafi Ad Giriş Elemanı Türkler
Genel Alt Bölümü Tarih
Coğrafi Alt Bölümü Orta Asya
650 ## - KONU KATMA GİRİŞ - TOPİKAL DÖNEM
Topikal Süreli Veya Coğrafi Ad Giriş Elemanı Türkler
Genel Alt Bölümü Tarih
700 ## - KATMA GİRİŞ - KİŞİSEL İSİM
Kişisel Ad Ermetin, S.Kemal
700 ## - KATMA GİRİŞ - KİŞİSEL İSİM
Kişisel Ad Sirman, Metin
740 ## - KATMA GİRİŞ - KONTROLSUZ İLGİLİ / ANALİTİK BAŞLIK
Kontrol Edilmeyen / İlgili Analitik Başlıktaki Batı Türkleri tarihi
942 ## - EKLENDİ GİRİŞ ELEMANLARI (KOHA)
Sınıflandırma Veya Raf Düzeni Kaynak Dewey Decimal Classification
Koha Öğesi Türü Books
999 ## - SİSTEM KONTROL NUMARALARI (KOHA)
Koha Biblionumber 1361
Koha Biblioitemnumber 1361
Holdings
Kalıcı Konum Mevcut Konum Edinme Tarihi Edinim Kaynak Toplam Check-Out'Lar Tam Çağrı Numarası Barkod Tarih Son Görülme İtibaren Geçerli Fiyatlar Koha Öğesi Türü
CHP Kütüphanesi CHP Kütüphanesi 08/26/2016 Bağış   909.049435 C32b 2006 001981 08/26/2016 08/26/2016 Books